000 00664nam a2200181Ia 4500
008 090122s9999 xx 000 0 und d
082 _b14006
_a891.468
100 _aशेवते
_bअरुण
245 _aत्या प्रीतीची रीतच न्यारी
260 _bअनघा
_c2007
300 _a159
501 _a028 - 26/12/2008 अनघा प्रकाशन ठाणे
600 _aशेवते
630 _aत्या प्रीतीची रीतच न्यारी
700 _aशेवते
730 _aत्या प्रीतीची रीतच न्यारी
942 _cBOOK
999 _c38083
_d38083